<?xml version="1.0" encoding="UTF-8"?>
<record
    xmlns:xsi="http://www.w3.org/2001/XMLSchema-instance"
    xsi:schemaLocation="http://www.loc.gov/MARC21/slim http://www.loc.gov/standards/marcxml/schema/MARC21slim.xsd"
    xmlns="http://www.loc.gov/MARC21/slim">

  <leader>03993cam a22004217i 4500</leader>
  <controlfield tag="001">17824270</controlfield>
  <controlfield tag="003">OSt</controlfield>
  <controlfield tag="005">20240530110620.0</controlfield>
  <controlfield tag="008">130724s2013    ua abe   b    100 0 eng d</controlfield>
  <datafield tag="020" ind1=" " ind2=" ">
    <subfield code="a">9789774165610</subfield>
  </datafield>
  <datafield tag="040" ind1=" " ind2=" ">
    <subfield code="c">EG-CaGPL</subfield>
  </datafield>
  <datafield tag="082" ind1="0" ind2="4">
    <subfield code="2">21</subfield>
    <subfield code="a">255.00962</subfield>
    <subfield code="b">CC/G C</subfield>
  </datafield>
  <datafield tag="245" ind1="0" ind2="0">
    <subfield code="a">Christianity and monasticism in Aswan and Nubia /</subfield>
    <subfield code="c">edited by Gawdat Gabra, Hany N. Takla.</subfield>
  </datafield>
  <datafield tag="264" ind1=" " ind2="1">
    <subfield code="a">Cairo ;</subfield>
    <subfield code="a">New York :</subfield>
    <subfield code="b">The American University in Cairo Press,</subfield>
    <subfield code="c">[2013]</subfield>
  </datafield>
  <datafield tag="264" ind1=" " ind2="4">
    <subfield code="c">&#xA9;2013</subfield>
  </datafield>
  <datafield tag="300" ind1=" " ind2=" ">
    <subfield code="a">xxi, 309 pages :</subfield>
    <subfield code="b">illustrations, maps, plans ;</subfield>
    <subfield code="c">24 cm.</subfield>
  </datafield>
  <datafield tag="336" ind1=" " ind2=" ">
    <subfield code="a">text</subfield>
    <subfield code="2">rdacontent</subfield>
  </datafield>
  <datafield tag="337" ind1=" " ind2=" ">
    <subfield code="a">unmediated</subfield>
    <subfield code="2">rdamedia</subfield>
  </datafield>
  <datafield tag="338" ind1=" " ind2=" ">
    <subfield code="a">volume</subfield>
    <subfield code="2">rdacarrier</subfield>
  </datafield>
  <datafield tag="490" ind1="1" ind2=" ">
    <subfield code="a">Christianity and monasticism in Egypt ;</subfield>
    <subfield code="v">v. 5</subfield>
  </datafield>
  <datafield tag="500" ind1=" " ind2=" ">
    <subfield code="a">Essays presented at the fifth international symposium of the St. Mark Foundation for Coptic History Studies and the St. Shenouda the Archimandrite Coptic Society, held from January 31 to February 4, 2010 near the Monastery of St. Hadra, west of Aswan, Egypt.</subfield>
  </datafield>
  <datafield tag="500" ind1=" " ind2=" ">
    <subfield code="a">"A Saint Mark Foundation book."</subfield>
  </datafield>
  <datafield tag="504" ind1=" " ind2=" ">
    <subfield code="a">Includes bibliographical references (pages 283-309).</subfield>
  </datafield>
  <datafield tag="505" ind1="0" ind2=" ">
    <subfield code="a">Coptic ostraca from Hagr Edfu / Anke Ilona Bl&#xF6;baum -- Imagining Macedonius, the first Bishop of Philae / James E. Goehring -- Apa Hadra (Hidra) in the Difnar / Nashaat Mekhaiel -- Christianity on Philae / Samuel Moawad -- The indexing of manuscripts of the Monastery of the Great Saint Pachomius in Edfu / Fr. Angelous el-Naqlouny -- The beginnings of Christianity in Nubia / Siegfried G. Richter -- A foreshadowing of the desert spirituality in ancient Nubia and Upper Egypt / Ashraf Alexandre Sadek -- Contested frontiers : southern Egypt and northern Nubia, AD 300-1500 : the evidence of the inscriptions / Jacques van der Vliet -- The veneration of saints in Aswan and Nubia / Youhanna Nessim Youssef -- Dayr al-Kubbaniya : review of the documentation on the "Isisberg" Monastery ; The development of the church at Dayr Anba Hadra : a study of the plasterwork and dated inscriptions ; An updated plan of the church at Dayr Qubbat al-Hawa / Renate Dekker -- The Christian wall paintings from the Temple of Isis at Aswan revisited / Jitse H.E. Dijkstra and Gertrud J.M. van Loon -- Monastic life in Makuria / W&#x142;odzimierz Godlewski -- Christian Aswan in the modern era and the history of its cathedral / Metropolitan Hedra -- The word and the flesh / Karel C. Innem&#xE9;e -- The ascension scene in the apse of the church at Dayr Qubbat al-Hawwa : a comparative study / Mary Kupelian -- The Nubian marble object preserved in Dayr al-Suryan in Wadi al-Natrun / Bishop Martyros -- The digital 3D virtual reconstruction of the monastic church, Qubbat al-Hawa / Howard Middleton-Jones -- Christian objects in the Aswan and Nubia museums / Atif Naguib -- Sources for the study of late antique and early medieval Hagr Edfu / Elisabeth R. O'Connell -- Christianity in Kom Ombo / Adel F. Sadek -- Identification of the monastery of the Nubians in Wadi al-Natrun / Fr. Bigoul al-Suriany -- Monneret de Villard (1881-1954) and Nubia / Fr. Awad Wadi -- The conservation of the mural paintings of St. Hatre Monastery / Ashraf Nageh.</subfield>
  </datafield>
  <datafield tag="650" ind1=" " ind2="0">
    <subfield code="a">Monasticism and religious orders</subfield>
    <subfield code="z">Egypt</subfield>
    <subfield code="z">Asw&#x101;n (Province)</subfield>
    <subfield code="x">History.</subfield>
  </datafield>
  <datafield tag="650" ind1=" " ind2="0">
    <subfield code="a">Monasticism and religious orders</subfield>
    <subfield code="z">Nubia</subfield>
    <subfield code="x">History.</subfield>
  </datafield>
  <datafield tag="651" ind1=" " ind2="0">
    <subfield code="a">Asw&#x101;n (Egypt : Province)</subfield>
    <subfield code="x">Church history.</subfield>
  </datafield>
  <datafield tag="651" ind1=" " ind2="0">
    <subfield code="a">Nubia</subfield>
    <subfield code="x">Church history.</subfield>
  </datafield>
  <datafield tag="700" ind1="1" ind2=" ">
    <subfield code="a">Gabra, Gawdat,</subfield>
    <subfield code="e">editor.</subfield>
  </datafield>
  <datafield tag="700" ind1="1" ind2=" ">
    <subfield code="a">Takla, Hany N.,</subfield>
    <subfield code="e">editor.</subfield>
  </datafield>
  <datafield tag="710" ind1="2" ind2=" ">
    <subfield code="a">Saint Mark Foundation.</subfield>
  </datafield>
  <datafield tag="710" ind1="2" ind2=" ">
    <subfield code="a">Saint Shenouda the Archimandrite Coptic Society.</subfield>
  </datafield>
  <datafield tag="830" ind1=" " ind2="0">
    <subfield code="a">Christianity and monasticism in Egypt ;</subfield>
    <subfield code="v">v. 5.</subfield>
  </datafield>
  <datafield tag="856" ind1="4" ind2="1">
    <subfield code="3">Table of contents only</subfield>
    <subfield code="u">http://www.loc.gov/catdir/enhancements/fy1406/2012277531-t.html</subfield>
  </datafield>
  <datafield tag="856" ind1="4" ind2="2">
    <subfield code="3">Contributor biographical information</subfield>
    <subfield code="u">http://www.loc.gov/catdir/enhancements/fy1406/2012277531-b.html</subfield>
  </datafield>
  <datafield tag="856" ind1="4" ind2="2">
    <subfield code="3">Publisher description</subfield>
    <subfield code="u">http://www.loc.gov/catdir/enhancements/fy1406/2012277531-d.html</subfield>
  </datafield>
  <datafield tag="942" ind1=" " ind2=" ">
    <subfield code="2">ddc</subfield>
    <subfield code="c">BK</subfield>
  </datafield>
  <datafield tag="999" ind1=" " ind2=" ">
    <subfield code="c">63034</subfield>
    <subfield code="d">63034</subfield>
  </datafield>
  <datafield tag="952" ind1=" " ind2=" ">
    <subfield code="0">0</subfield>
    <subfield code="1">0</subfield>
    <subfield code="2">ddc</subfield>
    <subfield code="4">0</subfield>
    <subfield code="7">0</subfield>
    <subfield code="a">CAI</subfield>
    <subfield code="b">CAI</subfield>
    <subfield code="c">CAIRO-LIBRARY</subfield>
    <subfield code="d">2016-12-18</subfield>
    <subfield code="l">0</subfield>
    <subfield code="o">255.00962 CC/G C</subfield>
    <subfield code="p">162980</subfield>
    <subfield code="r">2016-12-18 00:00:00</subfield>
    <subfield code="w">2016-12-18</subfield>
    <subfield code="y">BK</subfield>
  </datafield>
</record>
